Score 0/24 Timer 04:00
2 Plays Today
Character % Correct
_____ BingChandler
88.5%
Niles _____Crane
70.2%
_____ MaloneSam
70%
Dr. _____ HuxtableHeathcliff
69%
_____ BenesElaine
66%
Steve _____Urkel
58.2%
_____ DevereauxBlanche
56.1%
Danny _____Tanner
55.1%
_____ HofstadterLeonard
48%
Roseanne _____Conner
43.9%
Michael _____Scott
42.2%
Barney _____Stinson
38.1%
Character % Correct
_____ De PalmaLouie
33.8%
Charlie _____Harper
31.9%
George _____Bluth
31.3%
Rob _____Petrie
29.6%
Samantha _____Stephens
28.6%
Hayden _____Fox
27.5%
_____ FontanaFrank
22.5%
_____ BrentDavid
18%
Earl _____Hickey
14.1%
Betty _____Suarez
12.3%
Frankie _____Heck
9.3%
Martin _____Payne
2.7%

Today's Daily Dose

Remove Ads.
Support Sporcle.
Get the best of Sporcle when you Go Orange. This ad-free experience offers more features, more stats, and more fun while also helping to support Sporcle. Thank you for becoming a member.

You're not logged in!

Compare scores with friends on all Sporcle quizzes.
OR
Log In

Show Comments

Extras

Top Quizzes Today


Score Distribution

Your Account Isn't Verified!

In order to create a playlist on Sporcle, you need to verify the email address you used during registration. Go to your Sporcle Settings to finish the process.

Report this User

Report this user for behavior that violates our Community Guidelines.

Details: